| 000 | 00470nam a2200193Ia 4500 | ||
|---|---|---|---|
| 005 | 20240722012630.0 | ||
| 008 | 240331s9999 xx 000 0 und d | ||
| 020 | _a0415197899 | ||
| 082 |
_a211 _bCON |
||
| 245 | 4 | _aThe concepts of the goddess | |
| 260 |
_aLondon _bRoutledge _c1996 |
||
| 300 | _axiv, 192 p ., | ||
| 650 | _aReligion | ||
| 650 | _aMythology | ||
| 650 | _aArchaeology | ||
| 700 |
_aBillington, S. _eedt |
||
| 700 |
_aGreen, Miranda _eedt |
||
| 942 | _cL | ||
| 999 |
_c815 _d815 |
||